000 00563nam a2200229 a 4500
001 nice12345678
003 IN_TiNIC
005 20260116014218.0
008 070416s2004 newa grp 000 0 eng
020 _a8178881616
_c650
082 0 0 _a305.80954
_bCHA
100 _aChaudhary, Anjana
245 _aRural Sociology
260 _aNew Delhi
_bDominant Publishers
_c2004
300 _a338p
500 _aincludes index and biblioraphy
650 _aIndia-Rural
700 1 _aChaudhary, Anjana
902 _bSRS
942 _cBK
999 _c14347
_d14347